| 000 | 00969cam a2200241 i 4500 | ||
|---|---|---|---|
| 003 | SA-RiAUC | ||
| 005 | 20260125141257.0 | ||
| 008 | 260111s1860 ||| g 00000 ara c | ||
| 040 |
_aSA-RiAUC _bara _cSA-RiAUC _erda |
||
| 082 | 0 | 4 | _a260 |
| 090 |
_aم ن 260 _bش ع ر |
||
| 100 | 1 |
_aالشعراني، عبد الوهاب بن أحمد بن علي، _d898-973 هجري _eمؤلف. |
|
| 245 | 1 | 2 |
_aالأنوار القدسية في بيان آداب العبودية / _cعبد الوهاب بن أحمد الشعراني. |
| 246 | 3 | 0 | _aآداب العبودية |
| 264 | 1 |
_a[مكان النشر غير محدد] : _b[الناشر غير محدد]، _c1860 |
|
| 300 |
_a122 صفحة ؛ _c23 سم |
||
| 336 |
_aنص _btxt _2rdacontent _3كتاب |
||
| 337 |
_aبدون وسيط _bn _2rdamedia |
||
| 338 |
_aمجلد _bnc _2rdacarrier |
||
| 650 | 7 |
_aالتصوف الإسلامي _2aucsh |
|
| 942 |
_2ddc _cRBOOK COPY _n0 |
||
| 949 |
_aSA-JeALM _d260111 _umohamedma123 _n1 |
||
| 999 |
_c14169 _d14169 |
||